书目信息 |
| 题名: |
常见老年病的诊断和防治
|
|
| 作者: | 薛邦祺 主编 | |
| 分册: | ||
| 出版信息: | 上海 上海科学技术文献出版社 1982 |
|
| 页数: | 236页 | |
| 开本: | 19cm | |
| 丛书名: | ||
| 单 册: | ||
| 中图分类: | R592 , R44 | |
| 科图分类: | ||
| 主题词: | 老年病--诊疗 , 诊断学 | |
| 电子资源: | ||
| ISBN: | ||
| 000 | 00647nam0 2200241 450 | |
| 001 | 1534630854 | |
| 005 | 20150131093739.90 | |
| 010 | @dCNY0.82 | |
| 091 | @a14192.18 | |
| 100 | @a19950706d1982 em y0chiy0110 ea | |
| 101 | 0 | @achi |
| 102 | @aCN@b310000 | |
| 105 | @ay z 000yy | |
| 200 | 1 | @a常见老年病的诊断和防治@9chang jian lao nian bing de zhen duan he fang zhi@f薛邦祺主编 |
| 210 | @a上海@c上海科学技术文献出版社@d1982 | |
| 215 | @a236页@d19cm | |
| 606 | 0 | @a老年病@x诊疗 |
| 606 | 0 | @a诊断学 |
| 690 | @aR592@v5 | |
| 690 | @aR44@v4 | |
| 701 | 0 | @a薛邦祺@9xue bang qi@4主编 |
| 801 | 0 | @aCN@bTSSF@c20150131 |
| 905 | @aZUCC@dR44@eJY39 | |
| 常见老年病的诊断和防治/薛邦祺主编.-上海:上海科学技术文献出版社,1982 |
| 236页;19cm |
| ISBN :CNY0.82 |
| ● |
| 相关链接 |
|
|
|
|
正题名:常见老年病的诊断和防治
索取号:R44/JY39
 
预约/预借
| 序号 | 登录号 | 条形码 | 馆藏地/架位号 | 状态 | 备注 |
| 1 | 7863086 | 278630867 | 学院路分馆/ [索取号:R44/JY39] | 在馆 | |
| 2 | 7863087 | 278630876 | 学院路分馆/ [索取号:R44/JY39] | 在馆 |